Využitie princípov zeleného marketingu v slovenských podmienkach
Pojem a koncepcia zeleného marketingu. Zelený marketingový mix. Ecolabeling. Stratégia zeleného marketingu. Analýza využitia princípov zeleného marketingu na Slovensku.
Na minha lista:
| Autor principal: | |
|---|---|
| Formato: | Capítulo de Livro |
| Idioma: | eslovaco |
| Assuntos: | |
| Tags: |
Sem tags, seja o primeiro a adicionar uma tag!
|
MARC
| LEADER | 00000naa a2200000 4500 | ||
|---|---|---|---|
| 001 | 0223661 | ||
| 005 | 20221019173457.6 | ||
| 041 | 0 | |a slo | |
| 044 | |a SK | ||
| 245 | 1 | 0 | |a Využitie princípov zeleného marketingu v slovenských podmienkach |c Margaréta Nadányiová |
| 520 | |a Pojem a koncepcia zeleného marketingu. Zelený marketingový mix. Ecolabeling. Stratégia zeleného marketingu. Analýza využitia princípov zeleného marketingu na Slovensku. | ||
| 610 | 2 | 0 | |a marketing environmentálny |
| 610 | 2 | 0 | |a Slovensko |
| 610 | 2 | 0 | |a cyklus výrobku životný |
| 610 | 2 | 0 | |a stratégia marketingová |
| 610 | 2 | 0 | |a zodpovednosť spoločenská |
| 100 | 1 | |a Nadányiová, Margaréta | |